Quizzes
Events
Quiz Creation
Community
Videos
Private Events
Remove Ads
Sign In
Join for FREE
Feedback
Dark Mode
Quiz Categories
Sports
Geography
Music
Movies
Television
Just For Fun
Miscellaneous
History
Literature
Language
Science
Gaming
Entertainment
Religion
Holiday
For Kids
Quiz Lab
Recent
Popular Today
Quiz Kudos Today
Editor Picks
Curator Picks
Quizzes by...
Day
Popularity
Type
Ratings
Length
Year
Community
Subscriptions
Recent Discussions
Orange Saloon
Badges
Playlists
Quests
Create
Leaderboards
Showdown
Live 5
Trivia Bingo
Activity
Puzzle Library
Sporcle Events
Private Events
Virtual Trivia
Globe League
Become a Host
Pub Owners
SporcleCon
Opinionation
Our Games
Videos
Blog
Mobile Apps
Partnerships
Remove Ads and Go Orange
Feedback
Sports
Athletes
MLB
NBA
NHL
NFL
Soccer
Sports Teams
WWE
NCAA
Football
Premier League
Basketball
Baseball
Hockey
Golf
Tennis
Cricket
Rugby
Auto Racing
Olympics
World Cup
Sports
Athletes
MLB
NBA
NHL
NFL
Soccer
Sports Teams
WWE
NCAA
Football
Premier League
Basketball
Baseball
Hockey
Golf
Tennis
Cricket
Rugby
Auto Racing
Olympics
World Cup
Random Quiz
Search Sporcle
×
Quiz Lab
Quiz Lab
Sports
State
Type in answers that appear in a list
Type in answers that appear in a list
Classic
Best Score? Go Orange.
Ohio State Football '02-'03 roster Stats
Can you name the Ohio State Football '02-'03 National Champion roster?
By
nbaker
10m
45 Questions
252 Plays
252 Plays
252 Plays
Comments
Comments
Give Quiz Kudos
Give Quiz Kudos
-
- Ratings
hide this ad
Replay
Link that replays current quiz
Next Quiz
Link to next quiz in quiz playlist
You Got
0%
They Got
Avg Score
52%
Avg Friend Score
Upgrade to see
Score Distribution
Jump to the score distribution portion of the page
Score
0/45
Timer
10:00
0
Plays Today
2002-2003
% Correct
QB
Craig Krenzel
96.8%
RB
Maurice Clarett
96.4%
QB
Troy Smith
92.9%
WR/
DB/
PR
Chris Gamble
91.7%
DE
Will Smith
91.7%
WR
Michael Jenkins
90.1%
SS
Mike Doss
84.5%
K
Mike Nugent
80.2%
OLB
A.J. Hawk
79.4%
RB
Lydell Ross
71%
OLB
Cie Grant
67.9%
QB
Justin Zwick
67.5%
MLB
Matt Wilhelm
66.3%
RB
Maurice Hall
64.7%
TE
Ben Hartsock
63.5%
OLB
Bobby Carpenter
63.5%
CB
Dustin Fox
63.1%
C
Nick Mangold
57.5%
FS
Donnie Nickey
56.7%
FB
Brandon Joe
53.6%
QB
Scott McMullen
51.6%
P
Andy Groom
51.2%
DT
Tim Anderson
48.8%
2002-2003
% Correct
WR
Chris Vance
44.8%
DE
Darrion Scott
44%
FS
Will Allen
44%
TE
Ryan Hamby
42.9%
DT
Kenny Peterson
41.7%
OLB
Robert Reynolds
41.3%
C
Alex Stepanovich
40.5%
RT
Shane Olivea
40.1%
LT
Rob Sims
32.1%
WR
Drew Carter
31.7%
P
B.J. Sander
31%
FB
Bandon Schnittker
30.2%
WR
Bam Childress
29.8%
DE
Simon Fraser
29%
MLB
Mike D'Andrea
29%
LG
Adrian Clarke
28.2%
RG
Bryce Bishop
23.4%
LT
Ivan Douglas
22.6%
DE
Mike Kudla
22.6%
CB
Nate Salley
20.6%
CB
E.J. Underwood
15.1%
SS
Tyler Everett
13.1%
Quiz Playlist
Details
Report
Send in Message
Add To Playlist
Classic:
Type in answers that appear in a list
Last Updated: Feb 16, 2017
Quiz Scoreboard
CHALLENGE
Sign Up to Join the Scoreboard
Show All
Scores
Hide
Comments
May contain spoilers
Recently Published
An Introduction to Baseball
by treessimontrees
Sports
5m
Movies - When Are They Set?
by FPL_Elf
Movies
5m
Popular People in 1961
by mucciniale
History
6m
More to Explore
Quiz From the Vault
Featured Blog Post
Where Did the Easter Bunny Come From?
hide this ad
You Might Also Like...
Tags
Football Quiz
State Quiz
02-03
2002-2003
champion
national
ohio
Ohio State
Roster
Today's Top Quizzes in Sports
Browse Sports
hide this ad
Today's Top Quizzes in State
Browse State
Top Contributed Quizzes in Sports
1
Les meilleurs buteurs des matchs entre le PSG et l’OM
2
2022 World Cup Stars
3
FIFA Club World Cup Champions
4
Les entraîneurs de l'OM et du PSG au 21e siècle
5
Name the Premier League winners with different clubs
6
La finale Lions - Afrique du Sud 2021
7
Criteria MLB: Left Handed Sluggers
8
Les joueurs passés par le LOSC et le RC Lens
9
Players with Multiple 50 Home Run Seasons
10
MLB Players with Two .350 Batting Average Seasons
Explore More
Trending Topics
Marvel
NBA
Kpop
Anime
Crossword
Harry Potter
Disney
Song
Soccer
Puzzle
The Office
WWE
Pokémon
NFL
Country
hide this ad
More By:
nbaker
Quiz
Plays
Rating
Category
Featured
Created
Ohio State Football '02-'03 roster
252
5.00
Sports
Sep 3, 2011
Go to Creator's Profile
Score Distribution
Quiz Creator Spotlight
nbaker
Follow
Send a Message
Quizzes Created
-
Created Quiz Play Count
-
More By This Creator
Popular Quizzes Today
1
Find the Countries of Europe - No Outlines Minefield
2
Find the US States - No Outlines Minefield
3
The Countries of the World
4
Popular People in 1961
5
US States
6
1-10 Letter E Words III
7
Find the US States
8
One Thing in Common: World Cities II
More Sports Quizzes
99 in Test Cricket
Quiz Lab
Trending Quizzes
Risky Map Clicking: Least Populous States A-Z
1-10 Letter F Words
1-10 Letter G Words
One Thing in Common: United Kingdom
Risky Map Clicking: Next State Alphabetically
Recently Updated
Leaping Animals
pecheneg
Reality TV Shows (A-Z)
bhenderson79
Rickey Henderson's Hall of Fame Teammates
pecheneg
Champions League XIs: Arsenal
pecheneg
Quick Pick: Celebrities in WWE's Hall of Fame
aduchscher
A-Z Keypad Blitz II
pecheneg
Multiple Oscar Actors
pecheneg
Mystery Phrase Blitz: Oscar 'Best Actors'
pecheneg
F. Scott Fitzgerald Novels
LTH
Pick 3 Villains
ddd62291
Trending Topics
Anime
Kpop
Crossword
Harry Potter
Marvel
Disney
NBA
Puzzle
The Office
Song
NFL
WWE
Pokémon
Country
Soccer
Your Account Isn't Verified!
In order to create a playlist on Sporcle, you need to verify the email address you used during registration. Go to your
Sporcle Settings
to finish the process.
Report this User
Report this user for behavior that violates our
Community Guidelines
.
Details:
Send Report
Go to the Sporcle.com Mobile Site →
Comments